| 000 | 00973nam a22002537a 4500 | ||
|---|---|---|---|
| 005 | 20170124103038.0 | ||
| 010 | _aA-593596 | ||
| 020 | _c150.00 | ||
| 035 | _aA-593596 | ||
| 037 | _bCen Lib/Ret | ||
| 040 |
_aDPL _bHN |
||
| 082 |
_aउ _bसत्यार्थी |
||
| 100 |
_aसत्यार्थी, देवेन्द्र _945 |
||
| 245 |
_aब्रह्मपुत्र / _cदेवेन्द्र सत्यार्थी |
||
| 246 |
_aBrahamputra / _bby Devendra Satyarthi |
||
| 260 |
_aदिल्ली _bज्ञान गंगा _c1992 |
||
| 270 |
_a205, चावडी बाज़ार _bदिल्ली _e110006 |
||
| 300 |
_a308पृ. _c21सेमी (सजिल्द) |
||
| 650 |
_aहिन्दी साहित्य _966297 |
||
| 650 |
_aउपन्यास _966298 |
||
| 650 |
_aHindi literature _966299 |
||
| 650 |
_aFiction _98901 |
||
| 942 |
_2ddc _cHN _hउ _mसत्यार्थी |
||
| 999 |
_c116392 _d116392 |
||